| 000 | 00360nam a2200157Ia 4500 | ||
|---|---|---|---|
| 003 | OSt | ||
| 005 | 20240304123900.0 | ||
| 008 | 170523s9999 xx 000 0 und d | ||
| 020 | _a817700039X | ||
| 040 | _cIIMTU | ||
| 100 | _aMAHAJAN- MAHAJAN | ||
| 245 | 0 | _aSTATISTICAL QUALITY CONTROL | |
| 260 | _bDHANPAT RAI AND COMPANY | ||
| 260 | _c2001 | ||
| 942 |
_2ddc _c02 |
||
| 999 |
_c898 _d898 |
||